000
00245 a2200109 4500
001
155617
040
_c
Escola São Tomás de Aquino
240
1
0
_a
Os milagres de Jesus
_l
por
245
1
0
_a
Os milagres de Jesus
697
_a
RELIGIÃO
942
_c
MX
999
_c
155617
_d
155617